Gaming Quiz

Random Gaming or Famous Quiz
Score 0/57 Timer 07:00
15 Plays Today
% Correct
Rubik's Cube
93.3%
My Little Pony
93.2%
Dominoes
93.2%
Mr. Potato
Head
92.9%
Crayon
92.9%
Ken
92.9%
LEGO
92.9%
Frisbee
92.8%
Tickle Me
Elmo
92.7%
Yo-yo
92.5%
Easy-Bake
Oven
92.4%
Slinky
92.4%
Teenage Mutant
Ninja Turtles
92.3%
Battleship
92.1%
Hungry Hungry
Hippos
92.1%
Etch-A-Sketch
91.9%
Army Men
91.6%
Matchbox Cars
91.2%
Power
Ranger
90.9%
Troll Doll
90.8%
Lawn Darts
90.7%
Teletubbies
90.7%
Barbie
90.6%
Pound
Puppies
90.6%
Jacks
89.8%
Play-Doh
89.7%
Furby
89.6%
Lincoln Logs
88.5%
NERF ball
88.1%
% Correct
Glo-worm
87.3%
Silly Putty
87.2%
Bratz
86.6%
Care Bear
86.3%
He-Man
85.7%
Teddy Ruxpin
84.8%
Cabbage
Patch Kid
83.9%
Blocks
82.9%
Rock 'Em Sock 'Em
Robots
82.5%
View-Master
82.4%
Tamagotchi
80.5%
M.U.S.C.L.E
79.9%
Transformer
79.8%
Simon
79.5%
Lite Brite
78.4%
My Buddy
76.9%
Weeble
76.8%
RoboSapien
75.9%
Tinkertoys
73.8%
See 'n Say
73.8%
K'NEX
73.6%
Pinwheel
71.4%
Bakugan
71%
Zhu Zhu Pet
69.8%
Big Wheel
65.8%
Rainbow
Brite
64.3%
Talkboy
60.8%
Polly Pocket
59.3%

You're not logged in!

Compare scores with friends on all Sporcle quizzes.
OR
Log In

Sporcle TV

Today on Sporcle TV


Watch our educational content, quiz creation guides, and fun videos on Sporcle TV.

Show Comments

Extras

Top Quizzes Today


Score Distribution

Your Account Isn't Verified!

In order to create a playlist on Sporcle, you need to verify the email address you used during registration. Go to your Sporcle Settings to finish the process.

Report this User

Report this user for behavior that violates our Community Guidelines.

Details: